Přijď zítra zas tango /
| Main Author: | Blahník, František, 1904-1963 |
|---|---|
| Language: | No linguistic content |
| Published: |
Praha : Švehla, 1935 |
| Physical Description: |
15 hlasů |
| LEADER | 00762ncm a22002172a 4500 | ||
|---|---|---|---|
| 001 | 001233947 | ||
| 003 | CZ BrMZK | ||
| 005 | 20120726080518.0 | ||
| 007 | qu | ||
| 008 | 120725s1935 xr |||||||||||||||||zxx d | ||
| 040 | |a BOA001 |b cze | ||
| 072 | 7 | |a 785 |x Instrumentální hudba. Symfonická hudba. Hudba pro více nástrojů |2 Konspekt |9 9 | |
| 100 | 1 | |a Blahník, František, |d 1904-1963 |7 xx0018370 |4 cmp |4 lyr | |
| 245 | 1 | 0 | |a Přijď zítra zas |h [hudebnina] : |b tango / |c slova i hudba František Blahník |
| 260 | |a Praha : |b Švehla, |c 1935 | ||
| 300 | |a 15 hlasů | ||
| 500 | |a Pro universální orchestr | ||
| 910 | |a BOA001 |b Mus4-0434.593 | ||
| 990 | |a MU | ||
| 991 | |b 201207 | ||
| 996 | 6 | |b 2619053136 |c Mus4-0434.593 |l MZK |r Sklad / do 1 hodiny |n 1 |w 001267881 |u 000010 |a 1 |e BOA001 |j MZK50 |s P | |
English
Čeština 